00469nam a2200145Ia 4500008004100000041000800041082001200049100001800061245003600079260003200115300003000147365001100177999001700188952011800205240624s9999 xx 000 0 und d aeng a395 MAR aMARTIN JUDITH aMIND YOUR MANNERS A WITTY GUIDE c2015aNew DelhibViva Books aix, : 302 : p. : cm. ; 22 cRSb33 c27429d27429 00104070aIMTNbIMTNcRack 15-Bd2016-05-02eAPg595.00o395 MARp27429r2024-06-24 00:00:00t1w2024-06-24yBK